Pháp luật học
Trình bày những vấn đề cơ bản về nhà nước và pháp luật, các ngành luật trong hệ thống pháp luật Việt Nam, một số vấn đề cơ bản về luật và tư pháp quốc tế
Guardado en:
| Autor principal: | |
|---|---|
| Otros Autores: | |
| Formato: | Libro |
| Lenguaje: | Vietnamese |
| Publicado: |
H.
Đại học Sư phạm
2009
|
| Materias: | |
| Etiquetas: |
Agregar Etiqueta
Sin Etiquetas, Sea el primero en etiquetar este registro!
|
| Thư viện lưu trữ: | Trung tâm Học liệu Lê Vũ Hùng, Trường Đại học Đồng Tháp |
|---|
| LEADER | 01143pam a22002778a 4500 | ||
|---|---|---|---|
| 001 | 00025886 | ||
| 005 | 20171026081022.0 | ||
| 008 | 110812s2009 ||||||viesd | ||
| 020 | |c 42000 | ||
| 041 | 0 | # | |a vie |
| 082 | 1 | 4 | |a 340 |b PH109L |
| 100 | 1 | # | |a Nguyễn Đức Chiến |
| 245 | 1 | 0 | |a Pháp luật học |c Nguyễn Đức Chiến (ch.b.), Lê Thị Ninh |
| 260 | # | # | |a H. |b Đại học Sư phạm |c 2009 |
| 300 | # | # | |a 234 tr. |c 24 cm. |
| 504 | # | # | |a Thư mục: tr. 233-234 |
| 520 | 3 | # | |a Trình bày những vấn đề cơ bản về nhà nước và pháp luật, các ngành luật trong hệ thống pháp luật Việt Nam, một số vấn đề cơ bản về luật và tư pháp quốc tế |
| 650 | # | 4 | |a Luật học |
| 650 | # | 4 | |a Pháp luật |
| 650 | # | 4 | |a Việt Nam |
| 700 | 1 | # | |a Lê Thị Ninh |
| 852 | # | # | |b Kho mượn |j KM.0009916, KM.0009917 |
| 852 | # | # | |b Kho đọc |j KD.0010727 |
| 852 | # | # | |j KM.0009916 |j KD.0010727 |j KM.0009917 |
| 910 | |d 12/08/2011 | ||
| 980 | # | # | |a Trung tâm Học liệu Lê Vũ Hùng, Trường Đại học Đồng Tháp |